000 00293nam a2200109Ia 4500
008 200302s9999 xx 000 0 und d
100 _aG. N. Pandey
245 _aRural Development in India Engineering Applications
260 _bAnmol Publications Pvt. Ltd.
260 _c1997
300 _a225 P.,
999 _c5517
_d5517